000 00213 a2200097 4500
001 12175
100 _aNaqvi,Hawar
245 _aHay Jehaanoon ki Roshni En Say
260 _a
_bSang-e-Meel
_c
090 _c9384
_d9384
942 _aNUST-CAE
_cM
_c36249
999 _c247248
_d247248